| 000 | 01226nam a2200313 i 4500 | ||
|---|---|---|---|
| 003 | DO-SdBNP | ||
| 005 | 20260212132703.0 | ||
| 007 | ta | ||
| 008 | 230421b2017 dr d|||| |||| 00| 0 spa d | ||
| 020 | _a9789945472769 | ||
| 040 |
_aDO-SdBNP _bspa _cBNPHU _erda |
||
| 041 | _aspa | ||
| 082 | 4 |
_a305.42 _bM671d 2017 _222 |
|
| 245 | 0 | 0 |
_aMiradas desencadenantes : _beducando para la igualdad; conferencias dominicanas de estudios de género / _cedición, Fari Rosario ; corrección, Lilén Quiroga |
| 264 | 4 |
_aSanto Domingo : _bINTEC, _c©2017. |
|
| 300 |
_a526 páginas : _bgráficos ; _c25 cm. |
||
| 336 |
_atexto _btxt _2rdacontent |
||
| 337 |
_asin mediación _bn _2rdamedia |
||
| 338 |
_avolumen _bnc _2rdacarrier |
||
| 590 | _aInventariado, 2023/BT | ||
| 650 | 4 |
_aFeminismo _xInvestigaciones _xCongresos, conferencias, etc. _98556 |
|
| 650 | 4 |
_aMujeres en República Dominicana _xCongresos, conferencias, etc. _98557 |
|
| 650 | 4 |
_aDerechos de la mujer _zRepública Dominicana _xCongresos, conferencias, etc. _98558 |
|
| 700 | 1 |
_aRosario, Fari, _eeditor _4ed. _92759 |
|
| 700 | 1 |
_aQuiroga, Lilén, _ecorrector _4corr. _976789 |
|
| 710 | 2 |
_aInstituto Tecnológico de Santo Domingo _978911 |
|
| 910 | _aBtavárez | ||
| 942 |
_2ddc _cLBS1 |
||
| 999 |
_c53333 _d53333 |
||